Countries of the world by city clue - Statistics

General Stats
  • This quiz has been taken 17 times
  • The average score is 116 of 196
Answer Stats
Hint Answer % Correct
Pyongyang North Korea
100%
Wroclaw Poland
100%
Hobart Australia
92%
Innsbruck Austria
92%
Baku Azerbaijan
92%
Manama Bahraïn
92%
Sarajevo Bosnia and Herzegovina
92%
Kinshasa Democratic Republic of the Congo
92%
Guayaquil Ecuador
92%
Alexandria Egypt
92%
Tbilissi Georgia
92%
Thessaloniki Greece
92%
Port-Au-Prince Haïti
92%
Chennai India
92%
Cork Ireland
92%
Amman Jordan
92%
Pristina Kosovo
92%
Kuwait City Kuwait
92%
Monrovia Liberia
92%
Antananarivo Madagascar
92%
Kathmandu Nepal
92%
Christchurch New Zealand
92%
Managua Nicaragua
92%
Kano Nigeria
92%
Muscat Oman
92%
Lahore Pakistan
92%
Panama City Panama
92%
Asuncion Paraguay
92%
Cuzco Peru
92%
Doha Qatar
92%
Mecca Saudi Arabia
92%
Singapore Singapore
92%
Port Elizabeth South Africa
92%
Busan South Korea
92%
Colombo Sri Lanka
92%
Paramaribo Suriname
92%
Dushanbe Tajikistan
92%
Ashgabat Turkmenistan
92%
Vatican City Vatican City
92%
Nassau Bahamas
85%
Chittagong Bangladesh
85%
Thimphu Bhutan
85%
N'Djamena Chad
85%
Aarhus Denmark
85%
Djibouti Djibouti
85%
Dili East Timor
85%
Caen France
85%
Mosul Iraq
85%
Nur Sultan Kazakhstan
85%
Mombasa Kenya
85%
Tripoli Libya
85%
Malé Maldives
85%
Timbuktu Mali
85%
Ulaanbaatar Mongolia
85%
Port Moresby Papua New Guinea
85%
Castries Saint Lucia
85%
San Marino San Marino
85%
Sao Tomé Sao Tomé y Principe
85%
Port of Spain Trinidad and Tobago
85%
Kharkiv Ukraine
85%
Sana'a Yemen
85%
Kandahar Afghanistan
77%
Belmopan Belize
77%
Belem Brazil
77%
Ouagadougou Burkina Faso
77%
Bujumbura Burundi
77%
Georgetown Guyana
77%
Montego Bay Jamaica
77%
Beirut Lebanon
77%
Vaduz Liechtenstein
77%
Kaunas Lithuania
77%
Monaco Monaco
77%
Mandalay Myanmar
77%
Niamey Niger
77%
Novi Sad Serbia
77%
Uppsala Sweden
77%
Dodoma Tanzania
77%
Chiang Mai Thaïland
77%
Dürres Albania
69%
Saint John's Antigua and Barbuda
69%
Bridgetown Barbados
69%
Bandar Seri Begawan Brunei
69%
Roseau Dominica
69%
Debrecen Hungary
69%
Beer-Sheva Israël
69%
Tarawa Kiribati
69%
Nouakchott Mauritania
69%
Davao Philippines
69%
Kingstown Saint Vincent and the Grenadines
69%
Apia Samoa
69%
Kosice Slovakia
69%
Lausanne Switzerland
69%
Banjul The Gambia
69%
Port Vila Vanuatu
69%
Maracaibo Venezuela
69%
Santa Cruz de la Sierra Bolivia
62%
Plovdiv Bulgaria
62%
Bangui Central African Republic
62%
Yamoussoukro Côte d'Ivoire
62%
Limassol Cyprus
62%
Plzen Czech Republic
62%
Palikir Federated states of Micronesia
62%
Esch-sur-Alzette Luxembourg
62%
Faro Portugal
62%
Constanta Romania
62%
Maribor Slovenia
62%
Honiara Solomon Islands
62%
Taichung Taiwan
62%
Lomé Togo
62%
Oran Algeria
54%
Moroni Comoros
54%
Tartu Estonia
54%
Libreville Gabon
54%
Tübingen Germany
54%
Medan Indonesia
54%
Luang Prabang Laos
54%
Ventspils Latvia
54%
Maseru Lesotho
54%
Lilongwe Malawi
54%
Tiraspol Moldova
54%
Yaren Nauru
54%
Basseterre Saint Kitts and Nevis
54%
Albacete Spain
54%
Raqqa Syria
54%
Nuku'alofa Tonga
54%
Bursa Turkey
54%
Princeton United States of America
54%
Porto Novo Benin
46%
Douala Cameroon
46%
Mont Tremblant Canada
46%
Oulu Finland
46%
Tabriz Iran
46%
La Spezia Italy
46%
Naha Japan
46%
Majuro Marshall Islands
46%
Tulum Mexico
46%
Breda Netherlands
46%
Ufa Russia
46%
Juba South Sudan
46%
Sfax Tunisia
46%
Funafuti Tuvalu
46%
Hué Vietnam
46%
Brest Belarus
38%
Battambang Cambodia
38%
Kopavogur Iceland
38%
Johor Malaysia
38%
Francistown Botswana
31%
Antofagasta Chile
31%
Baotou China
31%
Bucaramanga Colombia
31%
Osijek Croatia
31%
Holguin Cuba
31%
Kumasi Ghana
31%
Huehuetenango Guatemala
31%
San Pedro Sula Honduras
31%
Pointe-Noire Republic of the Congo
31%
Hargeisa Somalia
31%
Charjah United Arab Emirates
31%
Bulawayo Zimbabwe
31%
Bahia Blanca Argentina
23%
Alajuela Costa Rica
23%
Higuey Dominican Republic
23%
Ulcinj Montenegro
23%
Beni Mellal Morocco
23%
Swakopmund Namibia
23%
Kumanovo North Macedonia
23%
Melekeok Palau
23%
Sant Julià de Lòria Andorra
15%
Courtrai Belgium
15%
Bata Equatorial Guinea
15%
Manzini Eswatini
15%
Lautoka Fiji
15%
Gouyave Grenada
15%
Kankan Guinea
15%
Mellieha Malta
15%
Vacoas Mauritius
15%
Nampula Mozambique
15%
Alta Norway
15%
Butare Rwanda
15%
Thies Senegal
15%
Anse Boileau Seychelles
15%
El Obeid Sudan
15%
Gulu Uganda
15%
Llanelli United Kingdom
15%
Lobito Angola
8%
Gyumri Armenia
8%
Mindelo Cape Verde
8%
Ilobasco El Salvador
8%
Keren Eritrea
8%
Bahir Dar Ethiopia
8%
Gabu Guinea Bissau
8%
Karakol Kyrgyzstan
8%
Kenema Sierra Leone
8%
Maldonado Uruguay
8%
Namangan Uzbekistan
8%
Kasama Zambia
8%
No matching quizzes found
Score Distribution
Percent of People with Each Score
Percentile by Number Answered
Your Score History
You have not taken this quiz